| 000 | 00786cam a2200277 a 4500 | ||
|---|---|---|---|
| 001 | 000004002 | ||
| 003 | DO-SdBNP | ||
| 005 | 20220927103441.0 | ||
| 007 | ta | ||
| 008 | 740110s1983 sp 001 0 spa | ||
| 020 | _z8475301 | ||
| 040 |
_aDO-SdBNP _bspa _cBNPHU |
||
| 082 | 4 |
_a813.54 _bH638a _222 |
|
| 100 | 1 |
_aHighsmith, Patricia, _d1921-1995. _911981 |
|
| 245 | 1 | 3 |
_aEl amigo Americano / _cPatricia Highsmith. |
| 246 | 1 | 3 | _aEl juego de ripley (el amigo americano) |
| 260 |
_aBarcelona : _bOrbis, _c1983. |
||
| 300 |
_a572 p. ; _c20 cm. |
||
| 590 | _aInventariado, 2022 / DG | ||
| 650 | 4 |
_aNovela estadounidense _9262 |
|
| 650 | 4 |
_aLiteratura estadounidense _9263 |
|
| 740 | 0 | _aCrÃmenes imaginarios | |
| 740 | 3 | _aEl juego del escondite | |
| 910 | _aDG | ||
| 942 |
_2ddc _cLBS1 |
||
| 999 |
_c3821 _d3821 |
||